000
00235nam a2200097Ia 4500
008
240709s9999 xx 000 0 und d
041
_a
eng
100
_a
Yashwant Kanetkar
_9
207850
245
_a
Let Us ' Python'
260
_b
BPB Publisher
999
_c
359027
_d
359027